Economia internazionale rivista dell' Instituto di Economia Internazionale
Enregistré dans:
| Format: | Publication en série |
|---|---|
| Langue: | italien |
| Publié: |
Genova
Camera di Commercio, Industria Artigianato e Agricoltura
1981
|
| Tags: |
Pas de tags, Soyez le premier à ajouter un tag!
|
MARC
| LEADER | 00000nas2a2200000 4500 | ||
|---|---|---|---|
| 001 | s122739 | ||
| 005 | 20250730114210.9 | ||
| 041 | 0 | |a ita | |
| 044 | |a IT | ||
| 245 | 1 | 0 | |a Economia internazionale |b rivista dell' Instituto di Economia Internazionale |
| 264 | 1 | |a Genova |b Camera di Commercio, Industria Artigianato e Agricoltura |c 1981 | |
| 300 | |a 1 zv. | ||
| 773 | 0 | |w eu_un_cat*s120641 | |